[Event "Adelquis Remon Memorial-B"]
[Site "Holguin"]
[Date "2018.12.01"]
[Round "4.1"]
[White "Charon Mustelier, Manuel"]
[Black "Soria Delgado, Kadir"]
[Result "1/2-1/2"]
[WhiteElo "2221"]
[BlackElo "2248"]
[PlyCount "39"]
[EventDate "2018.11.30"]
[EventType "tourn"]
[EventRounds "10"]
[EventCountry "CUB"]
[SourceTitle "EXT 2023"]
[Source "ChessBase"]
[SourceDate "2022.10.05"]
[SourceVersion "1"]
[SourceVersionDate "2022.10.05"]
[SourceQuality "1"]

1. e4 c5 2. Nf3 g6 3. d4 cxd4 4. Nxd4 Nc6 5. Nc3 Bg7 6. Be3 Nf6 7. Bc4 Qa5 8. 0-0 0-0 9. Bb3 d6 10. h3 Bd7 11. Re1 Rfe8 12. Nf3 Ne5 13. Nxe5 dxe5 14. Qf3 e6 15. Bg5 Nh5 16. g4 Nf4 17. Ne2 h6 18. Nxf4 exf4 19. Bxf4 g5 20. Bd6 1/2-1/2

[Event "Holguin Oriental zt"]
[Site "Holguin"]
[Date "2018.11.28"]
[Round "11"]
[White "Martinez Ramirez, Lennis"]
[Black "Soria Delgado, Kadir"]
[Result "1/2-1/2"]
[WhiteElo "2405"]
[BlackElo "2248"]
[PlyCount "25"]
[EventDate "2018.11.19"]
[EventType "tourn"]
[EventRounds "11"]
[EventCountry "CUB"]
[EventCategory "4"]
[SourceTitle "EXT 2021"]
[Source "ChessBase"]
[SourceDate "2020.10.23"]
[SourceVersion "1"]
[SourceVersionDate "2020.10.23"]
[SourceQuality "1"]

1. e4 c5 2. b3 Nc6 3. Bb2 e6 4. Nf3 d6 5. Bb5 Bd7 6. a4 a6 7. Be2 Nf6 8. d3 Be7 9. 0-0 0-0 10. Na3 d5 11. e5 Ne8 12. Nd2 f5 13. f4 1/2-1/2

[Event "Holguin Oriental zt"]
[Site "Holguin"]
[Date "2018.11.25"]
[Round "8"]
[White "Soria Delgado, Kadir"]
[Black "Diaz Murgada, Rider"]
[Result "1/2-1/2"]
[WhiteElo "2248"]
[BlackElo "2455"]
[PlyCount "25"]
[EventDate "2018.11.19"]
[EventType "tourn"]
[EventRounds "11"]
[EventCountry "CUB"]
[EventCategory "4"]
[SourceTitle "EXT 2021"]
[Source "ChessBase"]
[SourceDate "2020.10.23"]
[SourceVersion "1"]
[SourceVersionDate "2020.10.23"]
[SourceQuality "1"]

1. e4 e5 2. Nf3 Nc6 3. Nc3 Nf6 4. d4 Bb4 5. Nxe5 0-0 6. Qd3 Re8 7. Bd2 Nxe5 8. dxe5 Rxe5 9. 0-0-0 d6 10. f3 Bd7 11. g4 Bc6 12. Bg2 Nd7 13. h4 1/2-1/2

[Event "Holguin Province-ch final"]
[Site "Holguin"]
[Date "2018.09.11"]
[Round "1"]
[White "Soria Delgado, Kadir"]
[Black "Cespedes Bejerano, Jose Angel"]
[Result "1-0"]
[WhiteElo "2244"]
[BlackElo "2080"]
[PlyCount "121"]
[EventDate "2018.09.11"]
[EventType "tourn"]
[EventRounds "10"]
[EventCountry "CUB"]
[SourceTitle "EXT 2021"]
[Source "ChessBase"]
[SourceDate "2020.10.23"]
[SourceVersion "1"]
[SourceVersionDate "2020.10.23"]
[SourceQuality "1"]

1. e4 e5 2. Nf3 Nc6 3. Bb5 Nf6 4. 0-0 Nxe4 5. d4 Nd6 6. Bxc6 dxc6 7. dxe5 Nf5 8. Qxd8+ Kxd8 9. Rd1+ Ke8 10. Nc3 Be7 11. h3 h6 12. b3 Be6 13. Ne2 Bd5 14. Ned4 Bxf3 15. Nxf3 Rd8 16. Bf4 g5 17. Rxd8+ Kxd8 18. g4 Ng7 19. Be3 c5 20. Nd2 Ne6 21. Ne4 h5 22. Kg2 hxg4 23. hxg4 Kd7 24. c4 b6 25. f3 Ke8 26. Rd1 Bd8 27. Rd2 Be7 28. Rd1 Bd8 29. Rf1 Rh4 30. Ng3 Rh8 31. Nh5 Rg8 32. Rh1 Rg6 33. Ng3 f6 34. Rh8+ Kd7 35. Rh7+ Kc6 36. exf6 Bxf6 37. Ne4 Bd4 38. Bd2 Be5 39. Rh5 Nf4+ 40. Bxf4 Bxf4 41. Rh7 a6 42. a4 b5 43. axb5+ axb5 44. Kf2 bxc4 45. bxc4 Re6 46. Rh5 Re5 47. Rh6+ Kb7 48. Rf6 c6 49. Rf5 Rxf5 50. gxf5 Kc7 51. Kg2 Be3 52. Kh3 Kd7 53. Kg4 Ke7 54. Nxg5 Kf6 55. f4 Bd4 56. Ne4+ Kf7 57. Kg5 Kg7 58. f6+ Kf7 59. Kf5 Be3 60. Ng5+ Kf8 61. Kg6 1-0

[Event "Holguin Province-ch sf"]
[Site "Holguin"]
[Date "2018.09.07"]
[Round "1"]
[White "Maestre Cespedes, Marlon"]
[Black "Soria Delgado, Kadir"]
[Result "1/2-1/2"]
[WhiteElo "2098"]
[BlackElo "2244"]
[PlyCount "94"]
[EventDate "2018.09.07"]
[EventType "swiss"]
[EventRounds "7"]
[EventCountry "CUB"]
[SourceTitle "EXT 2021"]
[Source "ChessBase"]
[SourceDate "2020.10.23"]
[SourceVersion "1"]
[SourceVersionDate "2020.10.23"]
[SourceQuality "1"]

1. c4 Nf6 2. Nc3 g6 3. g3 Bg7 4. Bg2 0-0 5. Nf3 d6 6. d4 Nc6 7. 0-0 e5 8. d5 Nb8 9. c5 Na6 10. cxd6 cxd6 11. e4 Bd7 12. Ne1 b5 13. a3 Nc5 14. b4 Na4 15. Nxa4 bxa4 16. Nd3 Bb5 17. Re1 Nd7 18. Bf1 Nb6 19. Nb2 Qd7 20. Be3 f5 21. f3 Bxf1 22. Rxf1 f4 23. Bxb6 axb6 24. g4 Rfc8 25. Rf2 Rc3 26. Rc1 Rac8 27. Rfc2 Rxc2 28. Rxc2 b5 29. Qc1 Qa7+ 30. Kg2 Rxc2+ 31. Qxc2 Qe3 32. g5 Qxa3 33. Nd3 Bf8 34. Nf2 Qxb4 35. Qc8 Qc4 36. Qe6+ Kg7 37. Qd7+ Kg8 38. Qe6+ Kg7 39. Qd7+ Kg8 40. Ng4 Qe2+ 41. Kg1 Qe1+ 42. Kg2 Qe2+ 43. Kh3 Qf1+ 44. Kh4 Qe1+ 45. Kh3 Qf1+ 46. Kh4 Qe1+ 47. Kh3 Qf1+ 1/2-1/2

[Event "Adelquis Remon Memorial-B"]
[Site "Holguin"]
[Date "2017.11.05"]
[Round "7.3"]
[White "Campos Jimenez, Augusto Cesar"]
[Black "Soria Delgado, Kadir"]
[Result "1/2-1/2"]
[WhiteElo "2283"]
[BlackElo "2257"]
[PlyCount "109"]
[EventDate "2017.11.02"]
[EventType "tourn"]
[EventRounds "10"]
[EventCountry "CUB"]
[EventCategory "1"]
[SourceTitle "EXT 2023"]
[Source "ChessBase"]
[SourceDate "2022.10.05"]
[SourceVersion "1"]
[SourceVersionDate "2022.10.05"]
[SourceQuality "1"]

1. Nf3 d5 2. g3 Nf6 3. Bg2 c6 4. 0-0 Bg4 5. c4 Nbd7 6. b3 e6 7. Bb2 Bd6 8. d3 0-0 9. Nbd2 Qc7 10. a3 a5 11. Qc2 Rfe8 12. h3 Bxf3 13. Nxf3 e5 14. e4 dxe4 15. dxe4 Red8 16. Rfd1 Ne8 17. Nh4 g6 18. Nf3 f6 19. h4 Nf8 20. Bh3 Bc5 21. Rxd8 Rxd8 22. Bc3 b6 23. Qb2 Rd3 24. Kg2 Nd6 25. Qc2 Rxc3 26. Qxc3 Nxe4 27. Qc2 f5 28. Re1 Bxf2 29. Rxe4 fxe4 30. Qxe4 Bc5 31. a4 Qd6 32. Qxe5 Qd1 33. Be6+ Nxe6 34. Qxe6+ Kg7 35. Qe5+ Kg8 36. Qb8+ Kg7 37. Qc7+ Kg8 38. Qxc6 Qxb3 39. Qe6+ Kg7 40. Qd7+ Kg8 41. Qe8+ Kg7 42. Qd7+ Kg8 43. Qe6+ Kg7 44. Ng5 Qc2+ 45. Kh3 Qf5+ 46. Qxf5 gxf5 47. Kg2 h6 48. Nf3 Kf6 49. h5 Be3 50. Kh3 Ke6 51. g4 fxg4+ 52. Kxg4 Bc1 53. Ne1 Bd2 54. Nd3 Be3 55. Kf3 1/2-1/2

[Event "Adelquis Remon Memorial-B"]
[Site "Holguin"]
[Date "2017.11.05"]
[Round "6.1"]
[White "La Villa Rivas, Marlon Javier"]
[Black "Soria Delgado, Kadir"]
[Result "1-0"]
[WhiteElo "2257"]
[BlackElo "2257"]
[PlyCount "47"]
[EventDate "2017.11.02"]
[EventType "tourn"]
[EventRounds "10"]
[EventCountry "CUB"]
[EventCategory "1"]
[SourceTitle "EXT 2023"]
[Source "ChessBase"]
[SourceDate "2022.10.05"]
[SourceVersion "1"]
[SourceVersionDate "2022.10.05"]
[SourceQuality "1"]

1. e4 c5 2. Nf3 d6 3. d4 cxd4 4. Nxd4 Nf6 5. Nc3 g6 6. Be3 Bg7 7. f3 0-0 8. Qd2 Nc6 9. Bc4 Bd7 10. h4 Rc8 11. Bb3 Ne5 12. 0-0-0 h5 13. Bg5 Rc5 14. Kb1 b5 15. g4 hxg4 16. h5 Nxh5 17. Nd5 Re8 18. Rxh5 gxh5 19. Qh2 Rxd5 20. Bxd5 Qb6 21. Nf5 Bxf5 22. exf5 gxf3 23. Qxh5 f2 24. Bh6 1-0

[Event "Adelquis Remon Memorial-B"]
[Site "Holguin"]
[Date "2017.11.04"]
[Round "5.3"]
[White "Dieguez Alvarez, Mario Enrique"]
[Black "Soria Delgado, Kadir"]
[Result "1-0"]
[WhiteElo "2296"]
[BlackElo "2257"]
[PlyCount "33"]
[EventDate "2017.11.02"]
[EventType "tourn"]
[EventRounds "10"]
[EventCountry "CUB"]
[EventCategory "1"]
[SourceTitle "EXT 2023"]
[Source "ChessBase"]
[SourceDate "2022.10.05"]
[SourceVersion "1"]
[SourceVersionDate "2022.10.05"]
[SourceQuality "1"]

1. e4 e5 2. Nf3 Nf6 3. d4 Nxe4 4. Bd3 d5 5. Nxe5 Nd7 6. Nxd7 Bxd7 7. 0-0 Bd6 8. c4 c6 9. cxd5 cxd5 10. Nc3 Nxc3 11. bxc3 0-0 12. Qh5 g6 13. Qxd5 Qc7 14. c4 Be6 15. Qf3 Bxc4 16. Bh6 Bxd3 17. Qf6 1-0

[Event "Adelquis Remon Memorial-B"]
[Site "Holguin"]
[Date "2017.11.03"]
[Round "3.2"]
[White "Gonzalez Parra, Harold Manuel"]
[Black "Soria Delgado, Kadir"]
[Result "1-0"]
[WhiteElo "2265"]
[BlackElo "2257"]
[PlyCount "59"]
[EventDate "2017.11.02"]
[EventType "tourn"]
[EventRounds "10"]
[EventCountry "CUB"]
[EventCategory "1"]
[SourceTitle "EXT 2023"]
[Source "ChessBase"]
[SourceDate "2022.10.05"]
[SourceVersion "1"]
[SourceVersionDate "2022.10.05"]
[SourceQuality "1"]

1. Nf3 Nf6 2. g3 g6 3. b3 Bg7 4. Bb2 0-0 5. Bg2 c5 6. c4 Nc6 7. 0-0 d6 8. e3 a6 9. d4 Rb8 10. d5 Na5 11. Nbd2 b5 12. Bc3 bxc4 13. bxc4 Nd7 14. Bxg7 Kxg7 15. Qc2 f6 16. e4 Nb6 17. Ne1 e6 18. Nd3 exd5 19. cxd5 Bd7 20. a4 c4 21. Nf4 g5 22. Ne6+ Bxe6 23. dxe6 Qc7 24. Rfd1 c3 25. Nf3 Nc8 26. Ra3 Nb7 27. Rxc3 Nc5 28. e5 fxe5 29. Nxg5 Kh8 30. Rc4 1-0

[Event "Bayamo Cespedes Memorial-C"]
[Site "Bayamo"]
[Date "2017.03.04"]
[Round "5.2"]
[White "Soria Delgado, Kadir"]
[Black "Leon Valdes, Jony Wilson"]
[Result "1-0"]
[WhiteElo "2277"]
[BlackElo "2312"]
[PlyCount "83"]
[EventDate "2017.03.01"]
[EventType "tourn"]
[EventRounds "10"]
[EventCountry "CUB"]
[EventCategory "2"]
[SourceTitle "EXT 2023"]
[Source "ChessBase"]
[SourceDate "2022.10.05"]
[SourceVersion "1"]
[SourceVersionDate "2022.10.05"]
[SourceQuality "1"]

1. e4 e6 2. d4 d5 3. Nc3 Nf6 4. Bg5 Be7 5. e5 Nfd7 6. Bxe7 Qxe7 7. f4 0-0 8. Qd2 c5 9. Nf3 b6 10. Be2 Ba6 11. 0-0 Bxe2 12. Nxe2 Nc6 13. c3 f6 14. Qe3 f5 15. h3 Rac8 16. Rac1 c4 17. g4 g6 18. Rf2 h6 19. Rg2 Kh7 20. Kh1 Rg8 21. Rcg1 b5 22. a3 a5 23. Qf2 Rcf8 24. gxf5 Rxf5 25. Nh4 Nf8 26. Nxf5 exf5 27. Ng3 Qf7 28. Nh5 Nd7 29. Qh4 Nd8 30. Nf6+ Nxf6 31. exf6 Nc6 32. Re2 Re8 33. Rge1 Re4 34. Rg2 Re6 35. Rxe6 Qxe6 36. f7 Qxf7 37. Re2 Kg7 38. Qe1 Kf6 39. Re8 g5 40. Rc8 Ne7 41. Qe5+ Kg6 42. Rc7 1-0

[Event "Bayamo Cespedes Memorial-C"]
[Site "Bayamo"]
[Date "2017.03.02"]
[Round "2.1"]
[White "De la Fe Almeida, Enmanuel Jesus"]
[Black "Soria Delgado, Kadir"]
[Result "1/2-1/2"]
[WhiteElo "2287"]
[BlackElo "2277"]
[PlyCount "56"]
[EventDate "2017.03.01"]
[EventType "tourn"]
[EventRounds "10"]
[EventCountry "CUB"]
[EventCategory "2"]
[SourceTitle "EXT 2023"]
[Source "ChessBase"]
[SourceDate "2022.10.05"]
[SourceVersion "1"]
[SourceVersionDate "2022.10.05"]
[SourceQuality "1"]

1. c4 Nf6 2. Nc3 g6 3. g3 Bg7 4. Bg2 0-0 5. d3 d6 6. Nf3 e5 7. 0-0 Nc6 8. Rb1 a5 9. a3 h6 10. b4 axb4 11. axb4 Be6 12. b5 Ne7 13. Qb3 Nd7 14. Ba3 Rb8 15. Nd2 f5 16. Nd5 b6 17. Bb4 g5 18. Ra1 g4 19. Ra7 Rc8 20. Rfa1 h5 21. Rb7 Bh6 22. Qb2 h4 23. Raa7 Nxd5 24. cxd5 Bf7 25. Bxd6 h3 26. Bh1 Bxd2 27. Qxd2 cxd6 28. Rxd7 Qf6 1/2-1/2

[Event "Capablanca Memorial op-B 48th"]
[Site "Havana"]
[Date "2013.04.27"]
[Round "6"]
[White "Charon Mustelier, Manuel"]
[Black "Soria Delgado, Kadir"]
[Result "1-0"]
[WhiteElo "2159"]
[BlackElo "2233"]
[PlyCount "45"]
[EventDate "2013.04.21"]
[EventType "swiss"]
[EventRounds "9"]
[EventCountry "CUB"]
[SourceTitle "CBM 154 Extra"]
[Source "ChessBase"]
[SourceDate "2013.06.25"]
[SourceVersion "2"]
[SourceVersionDate "2013.06.25"]
[SourceQuality "1"]

1. e4 c5 2. Nf3 d6 3. Bb5+ Bd7 4. Bxd7+ Qxd7 5. 0-0 Nc6 6. c3 d5 7. exd5 Qxd5 8. d4 e6 9. Qa4 cxd4 10. Nxd4 Qa5 11. Qxa5 Nxa5 12. Nb5 Kd7 13. Rd1+ Kc6 14. Nd4+ Kb6 15. b4 Nc4 16. Nd2 Nxd2 17. Bxd2 Nf6 18. c4 Be7 19. Nf3 Ne4 20. Be3+ Ka6 21. Rd3 Bxb4 22. Rb1 Rad8 23. Rxb4 1-0

[Event "Capablanca Memorial op-B 48th"]
[Site "Havana"]
[Date "2013.04.21"]
[Round "1"]
[White "Soria Delgado, Kadir"]
[Black "Moreno Duran, Alexei de Jesus"]
[Result "0-1"]
[WhiteElo "2233"]
[BlackElo "2010"]
[PlyCount "74"]
[EventDate "2013.04.21"]
[EventType "swiss"]
[EventRounds "9"]
[EventCountry "CUB"]
[SourceTitle "CBM 154 Extra"]
[Source "ChessBase"]
[SourceDate "2013.06.25"]
[SourceVersion "2"]
[SourceVersionDate "2013.06.25"]
[SourceQuality "1"]

1. e4 c5 2. Nf3 d6 3. d4 cxd4 4. Nxd4 Nf6 5. Nc3 a6 6. Bg5 e6 7. f4 Qb6 8. Qd2 Qxb2 9. Rb1 Qa3 10. f5 Nc6 11. fxe6 fxe6 12. Nxc6 bxc6 13. e5 dxe5 14. Bxf6 gxf6 15. Ne4 Be7 16. Be2 h5 17. 0-0 f5 18. Rb3 Qa4 19. c4 fxe4 20. Qd1 Bc5+ 21. Kh1 Bd4 22. Bxh5+ Kd8 23. Qg4 Qxc4 24. Qg5+ Kc7 25. Rc1 Qd5 26. Rcb1 Rd8 27. h4 Ra7 28. Bg4 Rb7 29. h5 e3 30. h6 e4 31. Qf4+ Be5 32. Qxe3 Qd4 33. Rxb7+ Bxb7 34. Qa3 e3 35. Qa5+ Kb8 36. Qxa6 Rd7 37. Qxc6 Qxg4 0-1